000
00314nam a22001337a 4500
003
SGT
082
_a
615.53
_b
C15P
100
_a
PATIL, VAIDYA VASANT C
245
_a
A COMPREHENSIVE GUIDE ON CARAKA SAMHITA
260
_a
VARANSI
_b
CHAUKHAMBHA
_c
2015
300
_a
334
650
_a
CHARAK SAMHITA
942
_2
ddc
_c
BK
_0
3
999
_c
8541
_d
8541